| 000 | 01140cam a2200337 i 4500 | ||
|---|---|---|---|
| 001 | 3634449 | ||
| 003 | OSt | ||
| 005 | 20140310182051.0 | ||
| 008 | 780505s1977 mau b 001 0 eng | ||
| 010 | _a 75019930 | ||
| 020 |
_c$12.95 _a0553120522 |
||
| 040 |
_aDLC _cDLC _dDLC |
||
| 043 |
_aa-ii--- _an-cn-on _an-us--- |
||
| 050 | 0 | 0 |
_aHB 119 _b.G27 1977 |
| 082 | 0 | 0 |
_aHS 330 _bG13 1979 |
| 100 | 1 |
_aGalbraith, John Kenneth _d1908-2006. _912087 |
|
| 245 | 1 | 4 |
_aThe Galbraith reader : _bfrom the works of John Kenneth Galbraith / _cJohn Kenneth Galbraith. |
| 260 |
_aNew York : _bBantam, _cc1979. |
||
| 300 |
_a523 p. : _c18 cm. |
||
| 500 | _aIncludes bibliographical references and index. | ||
| 650 | 0 |
_aEconomic history. _911654 |
|
| 650 | 0 |
_aScots _zOntario _zElgin County. _912088 |
|
| 651 | 0 |
_aUnited States _xEconomic conditions. _912089 |
|
| 651 | 0 |
_aUnited States _xRelations _zIndia. _912090 |
|
| 651 | 0 |
_aIndia _xRelations _zUnited States. _912091 |
|
| 651 | 0 |
_aChina _xDescription and travel. _912092 |
|
| 710 | 2 |
_aGambit (Firm) _912093 |
|
| 906 |
_a7 _bcbc _corignew _d2 _eocip _f19 _gy-gencatlg |
||
| 942 |
_2lcc _cHS |
||
| 999 |
_c8998 _d8998 |
||